V obchodnom rokovaní si možno dovoliť stratiť obchod, ale nikdy nie stratiť partnera

Význam empatie a asertivity pri obchodných rokovaniach. Základné prvky asertivity. Schopnosť vedieť počúvať. Trpezlivosť a umenie ovládať sa. Taktika a stratégia rokovania. Význam prostredia, v ktorom sa rokovanie koná. Záver obchodného rokovania.

Gespeichert in:
Bibliographische Detailangaben
1. Verfasser: Raši, Š.
Format: Buchkapitel
Sprache:Slowakisch
Schlagworte:
Tags: Tag hinzufügen
Keine Tags, Fügen Sie das erste Tag hinzu!

MARC

LEADER 00000naa a2200000 4500
001 r025237
005 20230921080623.1
041 0 |a slo 
044 |a SK 
245 1 0 |a V obchodnom rokovaní si možno dovoliť stratiť obchod, ale nikdy nie stratiť partnera  |c Š. Raši 
520 |a Význam empatie a asertivity pri obchodných rokovaniach. Základné prvky asertivity. Schopnosť vedieť počúvať. Trpezlivosť a umenie ovládať sa. Taktika a stratégia rokovania. Význam prostredia, v ktorom sa rokovanie koná. Záver obchodného rokovania. 
610 2 0 |a rokovania obchodné 
610 2 0 |a partneri obchodní 
610 2 0 |a asertivita 
610 2 0 |a empatia 
610 2 0 |a obchod 
100 1 |a Raši, Š.